Private investigations (Record no. 69438)
[ view plain ]
| 000 -LEADER | |
|---|---|
| fixed length control field | 01740cam a2200265 4500 |
| 001 - CONTROL NUMBER | |
| control field | ABS65036 |
| 008 - FIXED-LENGTH DATA ELEMENTS--GENERAL INFORMATION | |
| fixed length control field | 020206n2002 000 0 eng u |
| 035 ## - SYSTEM CONTROL NUMBER | |
| System control number | (Sirsi) u116616 |
| 245 ## - TITLE STATEMENT | |
| Title | Private investigations |
| 260 ## - PUBLICATION, DISTRIBUTION, ETC. | |
| Date of publication, distribution, etc. | 2002 |
| 490 ## - SERIES STATEMENT | |
| Series statement | Property Week |
| Volume/sequential designation | 67(1) 11 January 2002, 40-41(2) |
| 520 ## - SUMMARY, ETC. | |
| Summary, etc. | Public sector bodies working with the private sector to provide public services is now common practice. However PPP needs to overcome certain challenges such as reducing procurement costs, addressing 'best value' and ensuring that bidders link facilities management and construction matters. Describes the various forms of the process, using examples taken from the UK, Italy, Malaysia and South Africa. Italy's PFI is governed by the Merloni law, which provides a schedule for the submission and acceptance of PPP projects but it is complicated by regional laws and under administrative law changes can be made without any recourse to the private sector partners. Malaysia has already successfully outsourced or privatised services traditionally provided by the government. PPP will continue to grow as Malaysia concentrates on promoting a knowledge-based economy. In South Africa, 'contracting out' is the preferred term to outsourcing with the government careful over the use of outsourcing and privatisation especially with protests from the trade unions. |
| 590 ## - LOCAL NOTE (RLIN) | |
| Local note | ABS |
| 650 ## - SUBJECT ADDED ENTRY--TOPICAL TERM | |
| Topical term or geographic name entry element | PUBLIC PRIVATE PARTNERSHIPS |
| 650 ## - SUBJECT ADDED ENTRY--TOPICAL TERM | |
| Topical term or geographic name entry element | SOUTH AFRICA |
| 650 ## - SUBJECT ADDED ENTRY--TOPICAL TERM | |
| Topical term or geographic name entry element | MALAYSIA |
| 650 ## - SUBJECT ADDED ENTRY--TOPICAL TERM | |
| Topical term or geographic name entry element | ITALY |
| 650 ## - SUBJECT ADDED ENTRY--TOPICAL TERM | |
| Topical term or geographic name entry element | UNITED KINGDOM |
| 650 ## - SUBJECT ADDED ENTRY--TOPICAL TERM | |
| Topical term or geographic name entry element | OUTSOURCING |
| 650 ## - SUBJECT ADDED ENTRY--TOPICAL TERM | |
| Topical term or geographic name entry element | PRIVATISATION |
| 650 ## - SUBJECT ADDED ENTRY--TOPICAL TERM | |
| Topical term or geographic name entry element | GOVERNMENT POLICY |
| 650 ## - SUBJECT ADDED ENTRY--TOPICAL TERM | |
| Topical term or geographic name entry element | PRIVATE SECTOR |
| 690 ## - LOCAL SUBJECT ADDED ENTRY--TOPICAL TERM (OCLC, RLIN) | |
| Topical term or geographic name as entry element | MANAGEMENT-BUSINESS MANAGEMENT-FINANCIAL MANAGEMENT |
| 942 ## - ADDED ENTRY ELEMENTS (KOHA) | |
| Suppress in OPAC | 0 |
| Withdrawn status | Lost status | Source of classification or shelving scheme | Damaged status | Not for loan | Home library | Current library | Shelving location | Date acquired | Total Checkouts | Full call number | Barcode | Date last seen | Copy number | Price effective from | Koha item type |
|---|---|---|---|---|---|---|---|---|---|---|---|---|---|---|---|
| Dewey Decimal Classification | London | London | Journal article | 06/02/2002 | ABS65036 | 116616-1001 | 06/08/2019 | 1 | 06/08/2019 | Journal article |